000 00295nam a22001337a 4500
008 180926b xxu||||| |||| 00| 0 eng d
020 _a9780942961188
041 _aeng
080 _a370
100 _a45
101 _aEDU
245 _aRethinkink Our Classrooms
_cMiller.L
942 _2udc
_cBK
999 _c48492
_d48492